| 000 | 00645nam a2200193 a 4500 | ||
|---|---|---|---|
| 005 | 20140310183134.0 | ||
| 008 | 030415s19uu xx 00 eng d | ||
| 020 | _a0072444428 | ||
| 050 |
_aPE 65 _b.F85 2002 |
||
| 100 | _aFulwiler, Toby | ||
| 245 |
_aEnglish Studies : _bReading, Writing, and Interpreting Texts / _cToby Fulwiler. |
||
| 260 |
_aBoston : _bMcGraw Hill, _c2002. |
||
| 300 |
_a270 p. : _bill. ; _c24 cm. |
||
| 650 |
_aEnglish philology _xStudy and teaching |
||
| 650 |
_aEnglish literature _xhistory & criticism _xtheory, etc. |
||
| 650 |
_aEnglish language _xRhetoric _xStudy & teaching |
||
| 942 |
_cBK _2lcc _kFOR |
||
| 999 |
_c19223 _d19223 |
||